|
|
|
|
| LEADER |
00826nta a2200217 i 4500 |
| 001 |
dokt8647 |
| 005 |
20240308115103.0 |
| 008 |
240308s1964 hu om 0|| hun d |
| 040 |
|
|
|a SZTE Doktori Repozitórium
|b hun
|
| 041 |
|
|
|a hun
|
| 100 |
1 |
|
|a Vöröss László Zsigmond
|
| 245 |
1 |
0 |
|a Középső-Drávasiki holtágak cönológiai és florisztikai vizsgálata
|h [elektronikus dokumentum] /
|c Vöröss László Zsigmond
|
| 260 |
|
|
|c 1964
|
| 502 |
|
|
|a Disszertacio
|
| 650 |
|
4 |
|a biológiai tudományok
|
| 650 |
|
4 |
|a Természettudományok
|
| 650 |
|
4 |
|a Biológiai tudományok
|
| 650 |
|
4 |
|a Zoológia, ornitológia, entomológia, viselkedéstudomány biológiája
|
| 695 |
|
|
|a Növénytan
|
| 700 |
0 |
1 |
|a nincs megadva
|e ths
|
| 856 |
4 |
0 |
|u https://doktori.bibl.u-szeged.hu/id/eprint/8647/1/1964_voross_laszlo_zsigmond.pdf
|z Dokumentum-elérés
|